| 000 | 01038nam a22002777a 4500 | ||
|---|---|---|---|
| 999 |
_c45367 _d45367 |
||
| 001 | 18986 | ||
| 003 | CO-MdFUSB | ||
| 005 | 20190202100325.0 | ||
| 008 | 170929t1964 enk||||| |||| 00| 0 eng d | ||
| 040 |
_aCO-MdFUSB _bspa _cCO-MdFUSB _dCO-MdFUSBC _erda |
||
| 041 | _aeng | ||
| 082 | 0 | 4 | _aG 224.106 N86411se |
| 100 | 1 |
_aNorth, Christopher R. _eautor |
|
| 245 | 1 | 4 |
_aThe second Isaiah _b: Introduction, translation and commentary to chapters XL-LV _c / Christopher R. North |
| 264 | 4 |
_aOxford, England : _bClarendon Press, _c©1964 |
|
| 300 | _a290 páginas | ||
| 336 |
_2rdacontent _atexto _btxt |
||
| 337 |
_2rdamedia _asin mediación _bn |
||
| 338 |
_2rdacarrier _avolumen _bnc |
||
| 501 | _aPasta dura | ||
| 505 | 0 | 0 | _aAntecedentes históricos - Fecha y autoría - Estructura literaria - La teología de Deutero-Isaías - El problema de la historia de la salvación - El texto - Traducción - Comentario |
| 650 | 0 |
_aBiblia _916 |
|
| 653 | _aBiblia A.T. - Isaías - Interpretación | ||
| 653 | _aBiblia - Comentarios | ||
| 942 | _cBK | ||